The 1975 - A Change Of Heart - Statistics

General Stats
  • This quiz has been taken 71 times
  • The average score is 266 of 313
Answer Stats
Answer % Correct
a
100%
change
100%
had
100%
heart
100%
I
100%
just
100%
of
100%
the
100%
Oh
96%
it
93%
it"
93%
Now
93%
"On
93%
on
93%
out
93%
to
93%
You
93%
you
93%
"You
93%
your
93%
Your
93%
and
89%
And
89%
be
89%
have
89%
in
89%
like
89%
magazine
89%
Was
89%
was
89%
we
89%
anyone
86%
bit"
86%
face
86%
"I've
86%
look
86%
smell
86%
straight
86%
that"
86%
Then
86%
then
86%
too
86%
used
86%
who
86%
"You're
86%
you're
86%
been
82%
city
82%
lately"
82%
she
82%
shit
82%
so
82%
is
79%
my
79%
pretty
79%
They
79%
worried
79%
bout
75%
but
75%
could
75%
from
75%
girl
75%
losing
75%
love
75%
"Not
75%
picture
75%
said
75%
start?
75%
time
75%
way
75%
were
75%
Am
71%
as
71%
fit
71%
internet
71%
looking
71%
me"
71%
never
71%
old
71%
part
71%
played
71%
put
71%
salad
71%
stoned?
71%
this
71%
Are
68%
found
68%
twat
68%
breasts
64%
cigarette
64%
equally
64%
Finding
64%
hard
64%
I'm
64%
it's
64%
sat
64%
won't
64%
wrong
64%
awake?
61%
cried
61%
depart
61%
end
61%
lit
61%
pity
61%
save
61%
took
61%
wind
61%
car
57%
cold
57%
ever
57%
For
57%
how
57%
road"
57%
self
57%
thinking
57%
diseases
54%
full
54%
sake
54%
starts"
54%
though
54%
you'd
54%
across
50%
around
50%
coming
50%
eyes
50%
goodness
50%
left
50%
mad
50%
regret
50%
smashed
50%
That's
50%
told
50%
wasn't
50%
clever
46%
glass
46%
into
46%
pieces
46%
quote
43%
deceived
39%
I'll
39%
feel
36%
No matching quizzes found
Score Distribution
Percent of People with Each Score
Percentile by Number Answered
Your Score History
You have not taken this quiz